| 000 | 00736nam a2200229 a 4500 | ||
|---|---|---|---|
| 001 | 42111 | ||
| 003 | BD-RjUL | ||
| 005 | 20211209053509.0 | ||
| 008 | 160609s1960 enka 001 0 eng d | ||
| 035 | _a(BD-RjUL)42229 | ||
| 040 |
_aDLC _cABC _dNYP _dUKM _dUKM _dBD-RjUL _beng |
||
| 041 | _aeng | ||
| 082 |
_a916.89 _bPHV 1960 |
||
| 100 | 1 |
_aPhillips, C. E. Lucas _q(Cecil Ernest Lucas), _d1897-1984 _9129511 |
|
| 245 | 1 | 4 |
_aThe vision splendid : _bthe future of the Central African Federation / _cC. E. Lucas Phillips |
| 260 |
_aLondon : _bHeineman, _cc1960 |
||
| 300 |
_a384 p. : _bill., maps ; _c22 cm |
||
| 504 | _aIncludes Bibliography and index | ||
| 651 | 0 |
_aRhodesia and Nyasaland _9129512 |
|
| 942 |
_2ddc _cBK |
||
| 999 |
_c42111 _d42111 |
||